00504nam a2200205Ia 4500008004100000020001800041050001400059100001900073245002300092245003900115245002200154250001800176260001500194260001200209260000900221300001600230300002000246300001000266300002200276170918s9999 xx 000 0 und d a9780062291011 bL868 2013 aLore, Pittacus 4aThe fall of five : bbook four of the Lorien legacies / cby Pittacus Lore. aFirst edition aNew York : bHarper, c2013 a355 pages : billustrations ; c21cm. eI am number Four.